000 00334nam a22001337a 4500
008 170204b xxu||||| |||| 00| 0 eng d
020 _a9780763786601
041 _aeng
080 _a61
100 _a3
101 _aSHM
245 _aSYSTEMS APPROACH WORKBOOK FOR HEALTH EDUCATION AND PROGRAM PLANNING
_cWATSON, M.E
942 _2udc
_cBK
999 _c4661
_d4661